Romanizations of Dzhugashvili - Statistics

General Stats
  • This quiz has been taken 6 times
  • The average score is 2 of 35
Answer Stats
Language Romanization % Correct
Romanian Jugashvili
75%
Italian Džugašvili
50%
Turkish Cuğaşvili
25%
Basque Jugaxvili
25%
Old English Cgugascfili
0%
Kurdish Cûẍaşvîlî
0%
Azeri Cuqaşvili
0%
French Djougachvili
0%
Breton Djougachvili
0%
Kabiye Djoughachvili
0%
Catalan Djugaixvili
0%
Mirandese Djugashbíli
0%
Luxembourgish Djughaschwili
0%
German Dschughaschwili
0%
Samogitian Džiugašvėlis
0%
Lithuanian Džiugašvilis
0%
Frisian Dzjoegasjvili
0%
Afrikaans Dzjoegasjwili
0%
Dutch Dzjoegasvili
0%
Danish Dzjugasjvili
0%
Swedish Dzjughasjvili
0%
Hungarian Dzsugasvili
0%
Sorbian Dźugašwili
0%
Polish Dżugaszwili
0%
Silesian Dżughaszwili
0%
Esperanto Ĝugaŝvili
0%
Maltese Ġugaxvili
0%
Occitan Jogachvili
0%
Galician J̌uḡašvili
0%
Irish Gaelic Júgaisvílí
0%
Sicilian Jughashvili
0%
Norfuk/Pitkern Jughashvilii
0%
Limburgish Jughasjvili
0%
Interlingua Jughašvili
0%
Albanian Xhugashvilli
0%
No matching quizzes found
Score Distribution
Percent of People with Each Score
Percentile by Number Answered
Your Score History
You have not taken this quiz